Grand Hotel (Record no. 125101)

MARC details
000 -LEADER
campo de control de longitud fija 00918nam a2200253 i 4500
001 - NÚMERO DE CONTROL
campo de control 125101
003 - IDENTIFICADOR DE NÚMERO DE CONTROL
campo de control ES-MaACL
005 - FECHA Y HORA DE LA ÚLTIMA TRANSACCIÓN
campo de control 20230906192543.0
007 - CAMPO FIJO DE DESCRIPCIÓN FÍSICA--INFORMACIÓN GENERAL
campo de control de longitud fija t|
008 - DATOS DE LONGITUD FIJA--INFORMACIÓN GENERAL
campo de control de longitud fija 070503s1933 sp ||||1| spa d
080 ## - NÚMERO DE LA CLASIFICACIÓN DECIMAL UNIVERSAL
Número de la Clasificación Decimal Universal 830-22"19"
100 1# - ENTRADA PRINCIPAL--NOMBRE DE PERSONA
Nombre de persona Mori, Arturo.
9 (RLIN) 83539
245 10 - MENCIÓN DEL TÍTULO
Título Grand Hotel
Resto del título : comedia alemana, en tres actos de Vicky Baum /
Mención de responsabilidad, etc. Arturo Mori ; dibujos de Pradillo.
260 ## - PUBLICACIÓN, DISTRIBUCIÓN, ETC.
Lugar de publicación, distribución, etc. Madrid :
Nombre del editor, distribuidor, etc. Rivadeneyra,
Fecha de publicación, distribución, etc. 1932.
300 ## - DESCRIPCIÓN FÍSICA
Extensión 78 p. :
Otras características físicas il. ;
Dimensiones 17 cm.
490 1# - MENCIÓN DE SERIE
Mención de serie La Farsa ;
Designación de volumen o secuencia 268
500 ## - NOTA GENERAL
Nota general Estrenada el dia 24 de septiembre de 1932 en el Teatro Cervantes, de Madrid por la Compañia Caralt.
500 ## - NOTA GENERAL
Nota general Cubierta de este número: Raimunda de Gaspar y Ramón Elías en una escena de Grand Hotel.
700 1# - ENTRADA AGREGADA--NOMBRE PERSONAL
Nombre de persona Baum, Vicki.
9 (RLIN) 26577
700 1# - ENTRADA AGREGADA--NOMBRE PERSONAL
Nombre de persona Pradillo
Títulos y otros términos asociados al nombre , ilustrador.
9 (RLIN) 93601
830 0# - PUNTO DE ACCESO ADICIONAL DE SERIE-TÍTULO UNIFORME
Título uniforme La Farsa ;
Designación de volumen o secuencia 268
9 (RLIN) 185863
852 ## - LOCALIZACIÓN
Ubicación ES-MaACL
Número de control de estantería 2229-F-12
Sublocalización o colección R.140845
Holdings
Estatus retirado Estado de pérdida Estado de daño No para préstamo Colección Biblioteca de origen Biblioteca actual Ubicación en estantería Fecha de adquisición Fuente de adquisición Total de préstamos Signatura topográfica completa Código de barras Visto por última vez Precio de reemplazo Tipo de ítem Koha
        Colección de folletos Biblioteca del Ateneo de Madrid Biblioteca del Ateneo de Madrid Depósito folletos 17/01/2008     2229-F-12 1130335 23/02/2023 23/02/2023 Folleto